| 000 | 00434nam a22001697a 4500 | ||
|---|---|---|---|
| 003 | BD-DhUL | ||
| 005 | 20171120135153.0 | ||
| 008 | 171120s1314 xx ||||| |||| 00| 0 per d | ||
| 040 |
_aBD-DhUL _cBD-DhUL |
||
| 082 |
_a891.551 _bNAD |
||
| 100 | 0 | _aبارکھ | |
| 245 | 0 |
_aدیوان تقدیس / _cبارکھ |
|
| 260 |
_a: _b، _c۔۱۳۱۴ |
||
| 300 |
_aص۔ ۴۰۰ ؛ _c۲۲ سم۔ |
||
| 650 | 0 | _aPersian poetry | |
| 942 |
_2ddc _cBK |
||
| 999 |
_c232223 _d232223 |
||